[Event "NB II. Barcza csoport"]
[Site "Hajduboszormeny"]
[Date "2024.03.03"]
[Round "5.8"]
[White "Toviskes, Antal"]
[Black "Bordos, Janos"]
[Result "1-0"]
[WhiteElo "2002"]
[BlackElo "1743"]
[PlyCount "87"]
[EventDate "2023.10.08"]
[EventType "team-tourn"]
[EventRounds "9"]
[EventCountry "HUN"]
[Source "chess.hu"]
[WhiteTeam "Hajduboszormenyi SE"]
[BlackTeam "DEAC-Debr.Sakkiskola"]
[WhiteTeamCountry "HUN"]
[BlackTeamCountry "HUN"]

1. e4 c5 2. Nc3 Nc6 3. g3 d6 4. Bg2 g6 5. d3 Bg7 6. f4 e6 7. Nf3 Nge7 8. O-O
Rb8 9. Ne2 O-O 10. g4 f5 11. h3 b5 12. Ng3 b4 13. Qe1 h6 14. Ne2 Ba6 15. exf5
exf5 16. Qg3 Qd7 17. Kh1 Bc8 18. Nh2 Bb7 19. Nf3 Bc8 20. Nh2 Bb7 21. gxf5 Qxf5
22. Nf3 Qf7 23. Nh4 Kh7 24. a3 Nf5 25. Nxf5 Qxf5 26. Be4 Qf7 27. Rg1 Nd4 28.
Nxd4 Bxe4+ 29. dxe4 Bxd4 30. Rg2 bxa3 31. Rxa3 c4 32. c3 Bc5 33. Ra4 Rg8 34.
Qh4 Rbe8 35. f5 g5 36. Bxg5 Rxg5 37. Rxg5 d5 38. Rg6 Qf8 39. Raa6 Bb6 40. Rg4
dxe4 41. f6 e3 42. Rg7+ Qxg7 43. fxg7 Kxg7 44. Ra1 1-0

[Event "NB II. Barcza csoport"]
[Site "Hajduboszormeny"]
[Date "2024.03.03"]
[Round "5.9"]
[White "Biro, Beata"]
[Black "Kiss, Gabor"]
[Result "1-0"]
[WhiteElo "1760"]
[BlackElo "1817"]
[PlyCount "73"]
[EventDate "2023.10.08"]
[EventType "team-tourn"]
[EventRounds "9"]
[EventCountry "HUN"]
[Source "chess.hu"]
[WhiteTeam "DEAC-Debr.Sakkiskola"]
[BlackTeam "Hajduboszormenyi SE"]
[WhiteTeamCountry "HUN"]
[BlackTeamCountry "HUN"]

1. e4 c5 2. Nc3 a6 3. f4 Nc6 4. Nf3 d6 5. Be2 g6 6. O-O Bg7 7. Qe1 Nd4 8. Nxd4
Bxd4+ 9. Kh1 b5 10. e5 Bb7 11. Bf3 Bxf3 12. Rxf3 Bxc3 13. bxc3 e6 14. f5 gxf5
15. exd6 Qxd6 16. Rxf5 Ne7 17. Rf3 Ng6 18. Qf2 Qc7 19. Ba3 Rc8 20. Rf1 Ne5 21.
Rf4 f5 22. Re1 Ng4 23. Rxg4 Kf7 24. Rg3 h5 25. Rge3 Rh6 26. Re5 b4 27. cxb4
cxb4 28. Bxb4 Qxc2 29. Qa7+ Rc7 30. Qxa6 Rc6 31. Qa7+ Rc7 32. Qe3 Rg6 33. Rxe6
Qc4 34. Re7+ Rxe7 35. Qxe7+ Kg8 36. Qf8+ Kh7 37. Re7+ 1-0

[Event "NB II. Barcza csoport"]
[Site "Hajduboszormeny"]
[Date "2024.03.03"]
[Round "5.10"]
[White "Toth, Gergely"]
[Black "Orenstein, Mark"]
[Result "1/2-1/2"]
[WhiteElo "1750"]
[BlackElo "1629"]
[PlyCount "52"]
[EventDate "2023.10.08"]
[EventType "team-tourn"]
[EventRounds "9"]
[EventCountry "HUN"]
[Source "chess.hu"]
[WhiteTeam "Hajduboszormenyi SE"]
[BlackTeam "DEAC-Debr.Sakkiskola"]
[WhiteTeamCountry "HUN"]
[BlackTeamCountry "HUN"]

1. e4 c6 2. d4 d5 3. exd5 cxd5 4. c4 Nf6 5. Nc3 Nc6 6. Nf3 Bg4 7. Be3 e6 8. c5
Ne4 9. Be2 Nxc3 10. bxc3 g6 11. O-O Bg7 12. h3 Bxf3 13. Bxf3 O-O 14. Rb1 Rb8
15. Bf4 e5 16. dxe5 Bxe5 17. Bxe5 Nxe5 18. Qxd5 Nxf3+ 19. Qxf3 Qc7 20. Rfc1
Rfd8 21. Rb2 Qxc5 22. Rxb7 Rxb7 23. Qxb7 Rd2 24. Qf3 Rxa2 25. Rd1 Qe5 26. g3
Qe2 1/2-1/2

[Event "NB II. Barcza csoport"]
[Site "Hajduboszormeny"]
[Date "2024.03.03"]
[Round "5.11"]
[White "Petnehazi, Peter"]
[Black "Bodis, Szabolcs"]
[Result "1/2-1/2"]
[WhiteElo "1579"]
[BlackElo "1800"]
[PlyCount "85"]
[EventDate "2023.10.08"]
[EventType "team-tourn"]
[EventRounds "9"]
[EventCountry "HUN"]
[Source "chess.hu"]
[WhiteTeam "DEAC-Debr.Sakkiskola"]
[BlackTeam "Hajduboszormenyi SE"]
[WhiteTeamCountry "HUN"]
[BlackTeamCountry "HUN"]

1. d4 d5 2. c4 c6 3. Nf3 Nf6 4. Nc3 g6 5. Bf4 Bg7 6. e3 O-O 7. Bd3 Nbd7 8. O-O
Nh5 9. Qc2 Nxf4 10. exf4 e6 11. Ne5 Bh6 12. g3 Bg7 13. Kg2 Nxe5 14. dxe5 b6 15.
f3 Bb7 16. h4 Qe7 17. h5 Rfd8 18. Rh1 Rd7 19. cxd5 cxd5 20. Nb5 Ba6 21. Nd6
Bxd3 22. Qxd3 Rc7 23. hxg6 hxg6 24. Rac1 Rd8 25. Qe3 Rdd7 26. b4 Rxc1 27. Rxc1
Rc7 28. b5 Qd7 29. Rxc7 Qxc7 30. Qd3 Qd7 31. Qc2 Bf8 32. Qc6 Qd8 33. Qc8 Qxc8
34. Nxc8 Bc5 35. Kf1 Kf8 36. Nxa7 Ke8 37. Ke2 Kd7 38. Nc6 Ba3 39. Kd3 Kc7 40.
Nd4 Bc5 41. a4 Bb4 42. Kc2 Be1 43. Ne2 1/2-1/2

[Event "NB II. Barcza csoport"]
[Site "Hajduboszormeny"]
[Date "2024.03.03"]
[Round "5.12"]
[White "Tar, Zsombor Jozsef"]
[Black "Biro, Csilla"]
[Result "1/2-1/2"]
[WhiteElo "1794"]
[BlackElo "1626"]
[PlyCount "53"]
[EventDate "2023.10.08"]
[EventType "team-tourn"]
[EventRounds "9"]
[EventCountry "HUN"]
[Source "chess.hu"]
[WhiteTeam "Hajduboszormenyi SE"]
[BlackTeam "DEAC-Debr.Sakkiskola"]
[WhiteTeamCountry "HUN"]
[BlackTeamCountry "HUN"]

1. d4 e6 2. c4 d5 3. Nc3 Nf6 4. Nf3 c5 5. cxd5 exd5 6. g3 Nc6 7. Bg2 Be6 8. O-O
Be7 9. dxc5 Bxc5 10. Bg5 d4 11. Bxf6 Qxf6 12. Ne4 Qe7 13. Rc1 Bb6 14. a3 O-O
15. Ne1 Bd5 16. Nf6+ Qxf6 17. Bxd5 Rac8 18. b4 Rfd8 19. Bg2 Qe7 20. Nd3 Ne5 21.
Rxc8 Rxc8 22. Nxe5 Qxe5 23. Bxb7 Rc3 24. a4 Rc4 25. Qd2 Qe7 26. Ba6 Rxb4 27.
Bb5 1/2-1/2

[Event "NB II. Barcza csoport"]
[Site "Miskolc"]
[Date "2024.03.03"]
[Round "5.1"]
[White "Kiss, Pal"]
[Black "Rakaczki, Csaba"]
[Result "1-0"]
[WhiteElo "2242"]
[BlackElo "2107"]
[PlyCount "97"]
[EventDate "2023.10.08"]
[EventType "team-tourn"]
[EventRounds "9"]
[EventCountry "HUN"]
[Source "chess.hu"]
[WhiteTeam "Edelenyi VSE"]
[BlackTeam "DVTK II."]
[WhiteTeamCountry "HUN"]
[BlackTeamCountry "HUN"]

1. d4 f5 2. g3 e6 3. Bg2 Nf6 4. Nf3 Be7 5. O-O d6 6. c4 O-O 7. Nc3 Ne4 8. Qc2
Nxc3 9. Qxc3 a5 10. b3 Nc6 11. Bb2 Bf6 12. Qd2 e5 13. dxe5 dxe5 14. Qd5+ Kh8
15. Qxd8 Rxd8 16. Rfd1 Re8 17. Ne1 a4 18. Bxc6 bxc6 19. f4 exf4 20. Bxf6 gxf6
21. gxf4 Rxe2 22. Rd8+ Kg7 23. b4 a3 24. Nd3 Kf7 25. Nc5 Re8 26. Rxe8 Kxe8 27.
Kf2 Kf7 28. Ke3 Be6 29. Kd4 Rd8+ 30. Kc3 Bc8 31. Re1 Rg8 32. Re3 h5 33. Rh3 Rh8
34. Kb3 h4 35. Kxa3 Kg6 36. Rd3 Kh5 37. h3 Rg8 38. Kb3 Rg1 39. Rd8 Rg3+ 40. Kc2
Rxh3 41. Rxc8 Kg4 42. a4 Rh1 43. Nd3 Kf3 44. Rxc7 h3 45. Rh7 Kg2 46. b5 Ra1 47.
b6 Rxa4 48. b7 Ra7 49. b8=Q 1-0

[Event "NB II. Barcza csoport"]
[Site "Miskolc"]
[Date "2024.03.03"]
[Round "5.2"]
[White "Peredi, Oliver"]
[Black "Barva, Attila Dr"]
[Result "0-1"]
[WhiteElo "2020"]
[BlackElo "2355"]
[PlyCount "38"]
[EventDate "2023.10.08"]
[EventType "team-tourn"]
[EventRounds "9"]
[EventCountry "HUN"]
[Source "chess.hu"]
[WhiteTeam "DVTK II."]
[BlackTeam "Edelenyi VSE"]
[WhiteTeamCountry "HUN"]
[BlackTeamCountry "HUN"]

1. Nf3 d5 2. g3 Nc6 3. d4 Bf5 4. Bg2 Qd7 5. Bf4 f6 6. h4 Nh6 7. Bxh6 gxh6 8.
Nc3 O-O-O 9. Qd2 e5 10. a3 Rg8 11. Na2 Rg4 12. dxe5 fxe5 13. Nb4 e4 14. Nh2 Rg6
15. g4 Ne5 16. Qd4 Nc4 17. Qxa7 Qb5 18. O-O-O Bxb4 19. axb4 Ra6 0-1

[Event "NB II. Barcza csoport"]
[Site "Miskolc"]
[Date "2024.03.03"]
[Round "5.3"]
[White "Vodila, Martin Botond"]
[Black "Farkas, Istvan"]
[Result "1-0"]
[WhiteElo "2233"]
[BlackElo "2027"]
[PlyCount "87"]
[EventDate "2023.10.08"]
[EventType "team-tourn"]
[EventRounds "9"]
[EventCountry "HUN"]
[Source "chess.hu"]
[WhiteTeam "Edelenyi VSE"]
[BlackTeam "DVTK II."]
[WhiteTeamCountry "HUN"]
[BlackTeamCountry "HUN"]

1. e4 e5 2. Nc3 Nc6 3. Bc4 Nf6 4. d3 Na5 5. Nge2 Nxc4 6. dxc4 Bc5 7. h3 h6 8.
Qd3 d6 9. Be3 Bxe3 10. Qxe3 O-O 11. O-O-O a6 12. c5 b5 13. cxb6 cxb6 14. g4 b5
15. a3 Qc7 16. g5 hxg5 17. Qxg5 Be6 18. f4 Rfc8 19. Rhg1 Ne8 20. f5 f6 21. Qd2
Bf7 22. Nd5 Bxd5 23. Qxd5+ Qf7 24. Nc3 Ra7 25. Rd2 Rc5 26. Qxf7+ Kxf7 27. Nd5
a5 28. b3 Ra8 29. Rdg2 Rac8 30. h4 R8c6 31. Kb2 a4 32. h5 axb3 33. cxb3 Rc8 34.
Rh1 Nc7 35. Nxc7 R8xc7 36. h6 gxh6 37. Rxh6 Rc8 38. Rh7+ Kf8 39. Rgh2 d5 40.
exd5 e4 41. d6 Rxf5 42. d7 Rd8 43. Rh8+ Ke7 44. R2h7+ 1-0

[Event "NB II. Barcza csoport"]
[Site "Miskolc"]
[Date "2024.03.03"]
[Round "5.4"]
[White "Burinda, Gabor Jr"]
[Black "Dudas, Peter"]
[Result "1/2-1/2"]
[WhiteElo "1985"]
[BlackElo "2174"]
[PlyCount "126"]
[EventDate "2023.10.08"]
[EventType "team-tourn"]
[EventRounds "9"]
[EventCountry "HUN"]
[Source "chess.hu"]
[WhiteTeam "DVTK II."]
[BlackTeam "Edelenyi VSE"]
[WhiteTeamCountry "HUN"]
[BlackTeamCountry "HUN"]

1. e4 Nf6 2. e5 Nd5 3. Bc4 c6 4. Bxd5 cxd5 5. d4 d6 6. f4 Nc6 7. Nf3 Bg4 8. c3
e6 9. Nbd2 Be7 10. Qb3 Rb8 11. exd6 Qxd6 12. Ne5 Nxe5 13. fxe5 Qa6 14. c4 Bh4+
15. g3 dxc4 16. Qxc4 b5 17. Qd3 Bf5 18. Qf3 Be7 19. O-O O-O 20. g4 Bg6 21. Nb3
f6 22. Qe2 Rbc8 23. exf6 Bxf6 24. g5 Rc2 25. Bd2 Be7 26. Rxf8+ Bxf8 27. Rf1 Qc6
28. Rf2 Qd5 29. h4 Bf5 30. Qe5 Qxe5 31. dxe5 Rxb2 32. Be3 Rb1+ 33. Kh2 a6 34.
Rd2 Re1 35. Bc5 Bxc5 36. Nxc5 Rxe5 37. Nxa6 Re4 38. h5 Rh4+ 39. Kg3 Rxh5 40.
Kf4 Rh4+ 41. Ke5 Re4+ 42. Kd6 Kf7 43. Nc5 Rc4 44. Nd7 Rc2 45. Ne5+ Ke8 46. Rxc2
Bxc2 47. Kxe6 b4 48. Nc6 b3 49. axb3 Bxb3+ 50. Kf5 Kd7 51. Nd4 Ba2 52. Ke5 Ke7
53. Ne2 Kf7 54. Kf5 Bb1+ 55. Kf4 Kg6 56. Nd4 Bd3 57. Ne6 Bc2 58. Nd4 Bb1 59.
Ne6 Ba2 60. Nf8+ Kf7 61. Nxh7 Bb1 62. Nf6 gxf6 63. gxf6 Kxf6 1/2-1/2

[Event "NB II. Barcza csoport"]
[Site "Miskolc"]
[Date "2024.03.03"]
[Round "5.5"]
[White "Ladanyi, Tibor"]
[Black "Nadasi, Endre"]
[Result "1-0"]
[WhiteElo "1953"]
[BlackElo "1962"]
[PlyCount "51"]
[EventDate "2023.10.08"]
[EventType "team-tourn"]
[EventRounds "9"]
[EventCountry "HUN"]
[Source "chess.hu"]
[WhiteTeam "Edelenyi VSE"]
[BlackTeam "DVTK II."]
[WhiteTeamCountry "HUN"]
[BlackTeamCountry "HUN"]

1. d4 d5 2. c4 c6 3. Nf3 Nf6 4. Nc3 e6 5. e3 Nbd7 6. Qc2 Be7 7. g4 h6 8. Rg1
Qc7 9. h4 dxc4 10. Bxc4 b5 11. Be2 a6 12. g5 hxg5 13. hxg5 Nh5 14. g6 f5 15.
Rh1 Bb7 16. Ne5 Nxe5 17. dxe5 Qxe5 18. Rxh5 O-O-O 19. Bd2 Rxh5 20. Bxh5 Rh8 21.
Bf3 Qh2 22. Ke2 b4 23. Rh1 Qxh1 24. Bxh1 Rxh1 25. Na4 Rg1 26. Qc4 1-0

[Event "NB II. Barcza csoport"]
[Site "Miskolc"]
[Date "2024.03.03"]
[Round "5.6"]
[White "Lorincz, Otto"]
[Black "Juhasz, Bela"]
[Result "0-1"]
[WhiteElo "1905"]
[BlackElo "2071"]
[PlyCount "44"]
[EventDate "2023.10.08"]
[EventType "team-tourn"]
[EventRounds "9"]
[EventCountry "HUN"]
[Source "chess.hu"]
[WhiteTeam "DVTK II."]
[BlackTeam "Edelenyi VSE"]
[WhiteTeamCountry "HUN"]
[BlackTeamCountry "HUN"]

1. Nf3 Nf6 2. d4 g6 3. c4 Bg7 4. Nc3 d6 5. e4 O-O 6. Bd3 Nc6 7. h3 e5 8. d5 Ne7
9. Bg5 h6 10. Be3 c5 11. O-O Nh5 12. Qd2 g5 13. Rfe1 Ng6 14. Ne2 Nhf4 15. Bxf4
exf4 16. Kh2 h5 17. g3 g4 18. hxg4 hxg4 19. Nfg1 f3 20. Nf4 Qg5 21. Nxf3 gxf3
22. Rh1 Be5 0-1

[Event "NB II. Barcza csoport"]
[Site "Miskolc"]
[Date "2024.03.03"]
[Round "5.7"]
[White "Bako, Martin"]
[Black "Herczeg, Benedek"]
[Result "1-0"]
[WhiteElo "1978"]
[BlackElo "1750"]
[PlyCount "33"]
[EventDate "2023.10.08"]
[EventType "team-tourn"]
[EventRounds "9"]
[EventCountry "HUN"]
[Source "chess.hu"]
[WhiteTeam "Edelenyi VSE"]
[BlackTeam "DVTK II."]
[WhiteTeamCountry "HUN"]
[BlackTeamCountry "HUN"]

1. d4 d5 2. c4 e6 3. Nc3 Nf6 4. Nf3 Bb4 5. e3 c5 6. Bd2 Nc6 7. a3 cxd4 8. axb4
dxc3 9. Bxc3 Qe7 10. b5 Nd8 11. Qa4 Qc7 12. b6+ Qc6 13. Qxa7 Rxa7 14. bxa7 b5
15. a8=Q Bb7 16. cxb5 Qc7 17. Qa5 1-0

[Event "NB II. Barcza csoport"]
[Site "Miskolc"]
[Date "2024.03.03"]
[Round "5.8"]
[White "Torok, Vilmos"]
[Black "Kristof, Peter"]
[Result "0-1"]
[WhiteElo "1777"]
[BlackElo "2063"]
[PlyCount "68"]
[EventDate "2023.10.08"]
[EventType "team-tourn"]
[EventRounds "9"]
[EventCountry "HUN"]
[Source "chess.hu"]
[WhiteTeam "DVTK II."]
[BlackTeam "Edelenyi VSE"]
[WhiteTeamCountry "HUN"]
[BlackTeamCountry "HUN"]

1. e4 e6 2. d4 d5 3. exd5 exd5 4. Bd3 Nc6 5. c3 Nf6 6. h3 Be6 7. Nf3 Bd6 8. Be3
Qd7 9. Nbd2 Bf5 10. Qc2 Bg6 11. Bxg6 hxg6 12. a3 a5 13. c4 O-O 14. c5 Be7 15.
O-O-O b6 16. Ne5 Qe6 17. Nxc6 Qxc6 18. Nf3 bxc5 19. h4 c4 20. Ne5 Qe6 21. Rh3
Bd6 22. Bg5 Bxe5 23. dxe5 Ne4 24. f3 Nc5 25. Rdh1 Qxe5 26. Kd1 Rab8 27. Qc3 Qf5
28. Qc2 Nd3 29. Bc1 Qe5 30. h5 Nxb2+ 31. Bxb2 Rxb2 32. hxg6 fxg6 33. Rh8+ Kf7
34. Rxf8+ Kxf8 0-1

[Event "NB II. Barcza csoport"]
[Site "Miskolc"]
[Date "2024.03.03"]
[Round "5.9"]
[White "Duzs, Jozsef"]
[Black "Ress, Amira"]
[Result "1/2-1/2"]
[WhiteElo "1965"]
[BlackElo "1720"]
[PlyCount "73"]
[EventDate "2023.10.08"]
[EventType "team-tourn"]
[EventRounds "9"]
[EventCountry "HUN"]
[Source "chess.hu"]
[WhiteTeam "Edelenyi VSE"]
[BlackTeam "DVTK II."]
[WhiteTeamCountry "HUN"]
[BlackTeamCountry "HUN"]

1. d4 d5 2. Nf3 Nf6 3. Bf4 Bf5 4. e3 e6 5. Bd3 Bg6 6. Ne5 Nbd7 7. c3 Nh5 8.
Nxg6 hxg6 9. Nd2 a6 10. Be2 Nxf4 11. exf4 Qf6 12. g3 c5 13. Nf3 cxd4 14. Qxd4
Bc5 15. Qxf6 Nxf6 16. h4 Ne4 17. Rf1 f6 18. Nd2 Nxd2 19. Kxd2 Kf7 20. Bd3 d4
21. cxd4 Bxd4 22. Rac1 Rac8 23. Rxc8 Rxc8 24. b3 Rc5 25. Ke2 f5 26. Rd1 Bf6 27.
Bc4 Ke7 28. f3 b5 29. Bd3 Rd5 30. Bc2 Rxd1 31. Bxd1 Kd6 32. a4 Kc5 33. Bc2 Kb4
34. axb5 axb5 35. Bd3 Bd4 36. Kf1 Be3 37. Ke2 1/2-1/2

[Event "NB II. Barcza csoport"]
[Site "Miskolc"]
[Date "2024.03.03"]
[Round "5.10"]
[White "Gyorgy, Balazs"]
[Black "Csukerda, Attila"]
[Result "1/2-1/2"]
[WhiteElo "1695"]
[BlackElo "1934"]
[PlyCount "41"]
[EventDate "2023.10.08"]
[EventType "team-tourn"]
[EventRounds "9"]
[EventCountry "HUN"]
[Source "chess.hu"]
[WhiteTeam "DVTK II."]
[BlackTeam "Edelenyi VSE"]
[WhiteTeamCountry "HUN"]
[BlackTeamCountry "HUN"]

1. e4 c6 2. d4 d5 3. exd5 cxd5 4. Bd3 Nc6 5. c3 Nf6 6. h3 e5 7. dxe5 Nxe5 8.
Be3 Nxd3+ 9. Qxd3 Bd6 10. Nf3 O-O 11. O-O Bd7 12. Nbd2 Bc6 13. Nd4 a6 14. N2f3
Qd7 15. Rfc1 h6 16. b3 Rfd8 17. a4 Ne4 18. Nxc6 bxc6 19. b4 Bc7 20. a5 Nd6 21.
Nd2 1/2-1/2

[Event "NB II. Barcza csoport"]
[Site "Miskolc"]
[Date "2024.03.03"]
[Round "5.11"]
[White "Kiraly, Lilla Virag"]
[Black "Toth, Kinga"]
[Result "1-0"]
[WhiteElo "1923"]
[BlackElo "1674"]
[PlyCount "87"]
[EventDate "2023.10.08"]
[EventType "team-tourn"]
[EventRounds "9"]
[EventCountry "HUN"]
[Source "chess.hu"]
[WhiteTeam "Edelenyi VSE"]
[BlackTeam "DVTK II."]
[WhiteTeamCountry "HUN"]
[BlackTeamCountry "HUN"]

1. e4 c5 2. Nf3 e6 3. d4 cxd4 4. Nxd4 a6 5. Nc3 b5 6. Be3 Bb7 7. f3 Nf6 8. Qd2
Nc6 9. g4 d5 10. g5 Nh5 11. exd5 Nxd4 12. Qxd4 b4 13. Na4 Bxd5 14. Qg4 g6 15.
O-O-O Qa5 16. Nb6 Rd8 17. Bc4 Bg7 18. Bxd5 exd5 19. Bc5 f5 20. Qxb4 Qxa2 21.
Rhe1+ Kf7 22. Qa3 Qxa3 23. Bxa3 Nf4 24. Re7+ Kg8 25. Ra7 d4 26. Nd7 h6 27. Be7
Rc8 28. Bf6 Rh7 29. Kb1 hxg5 30. Bxg7 Rxg7 31. Nf6+ Kh8 32. Rxa6 Ne2 33. Rd2
Ng1 34. Rf2 Rgc7 35. Nd5 Rc6 36. Ra7 Rd6 37. Nb4 Nh3 38. Rg2 Rb8 39. Nd3 Rdb6
40. b3 Nf4 41. Nxf4 gxf4 42. Rd7 Rc6 43. Rxd4 Rg8 44. Rxf4 1-0

[Event "NB II. Barcza csoport"]
[Site "Miskolc"]
[Date "2024.03.03"]
[Round "5.12"]
[White "Kovacs, Mate"]
[Black "Flasko, Adam"]
[Result "1-0"]
[WhiteElo "1617"]
[BlackElo "1768"]
[PlyCount "55"]
[EventDate "2023.10.08"]
[EventType "team-tourn"]
[EventRounds "9"]
[EventCountry "HUN"]
[Source "chess.hu"]
[WhiteTeam "DVTK II."]
[BlackTeam "Edelenyi VSE"]
[WhiteTeamCountry "HUN"]
[BlackTeamCountry "HUN"]

1. d4 d5 2. c4 c6 3. Bf4 Nf6 4. e3 e6 5. a3 Bd6 6. Bg3 b6 7. Nd2 Bxg3 8. hxg3
Nbd7 9. Ngf3 Bb7 10. Rc1 c5 11. cxd5 Bxd5 12. Bc4 cxd4 13. Bxd5 Nxd5 14. Nxd4
Nc5 15. Nc4 Ne7 16. b4 Nb7 17. Qf3 Qd5 18. Qxd5 Nxd5 19. e4 Nf6 20. f3 O-O 21.
Kf2 Rac8 22. Ne5 a5 23. g4 h6 24. Nec6 Rc7 25. Nb5 Rd7 26. g5 hxg5 27. Rcd1
axb4 28. Rxd7 1-0

[Event "NB II. Barcza csoport"]
[Site "Kazincbarcika"]
[Date "2024.03.03"]
[Round "5.1"]
[White "Becskei, Zoltan"]
[Black "Hando, Vilmos"]
[Result "1/2-1/2"]
[WhiteElo "2244"]
[BlackElo "2382"]
[PlyCount "20"]
[EventDate "2023.10.08"]
[EventType "team-tourn"]
[EventRounds "9"]
[EventCountry "HUN"]
[Source "chess.hu"]
[WhiteTeam "Mezokovesd  Zsory SE"]
[BlackTeam "Kazincbarcika VSC"]
[WhiteTeamCountry "HUN"]
[BlackTeamCountry "HUN"]

1. e4 c6 2. d4 d5 3. exd5 cxd5 4. Bd3 Nf6 5. c3 Bg4 6. Qb3 Qc8 7. Bf4 e6 8. Nd2
Be7 9. Ngf3 Nc6 10. O-O O-O 1/2-1/2

[Event "NB II. Barcza csoport"]
[Site "Kazincbarcika"]
[Date "2024.03.03"]
[Round "5.2"]
[White "Dovzik, Juri"]
[Black "Kerek, Krisztian"]
[Result "1/2-1/2"]
[WhiteElo "2225"]
[BlackElo "2216"]
[PlyCount "25"]
[EventDate "2023.10.08"]
[EventType "team-tourn"]
[EventRounds "9"]
[EventCountry "HUN"]
[Source "chess.hu"]
[WhiteTeam "Kazincbarcika VSC"]
[BlackTeam "Mezokovesd  Zsory SE"]
[WhiteTeamCountry "HUN"]
[BlackTeamCountry "HUN"]

1. c4 c5 2. Nf3 g6 3. g3 b6 4. Bg2 Bb7 5. O-O Bg7 6. Nc3 Nf6 7. d3 O-O 8. e4 d6
9. h3 Na6 10. Be3 e6 11. Qc1 Re8 12. Bg5 Nc7 13. Nh2 1/2-1/2

[Event "NB II. Barcza csoport"]
[Site "Kazincbarcika"]
[Date "2024.03.03"]
[Round "5.3"]
[White "Paal-Szucs, Attila"]
[Black "Borsos, Bogdan"]
[Result "1/2-1/2"]
[WhiteElo "2035"]
[BlackElo "2077"]
[PlyCount "47"]
[EventDate "2023.10.08"]
[EventType "team-tourn"]
[EventRounds "9"]
[EventCountry "HUN"]
[Source "chess.hu"]
[WhiteTeam "Mezokovesd  Zsory SE"]
[BlackTeam "Kazincbarcika VSC"]
[WhiteTeamCountry "HUN"]
[BlackTeamCountry "HUN"]

1. e4 e5 2. Nf3 Nc6 3. Bb5 Nf6 4. Nc3 Bd6 5. O-O O-O 6. d3 h6 7. Ne2 Re8 8. Ng3
Bf8 9. c3 a6 10. Ba4 b5 11. Bb3 d5 12. Qe2 Be6 13. Rd1 Qd7 14. Nh4 g6 15. h3
Rad8 16. a4 Qc8 17. axb5 axb5 18. exd5 Bxd5 19. Bxd5 Nxd5 20. Qg4 Qxg4 21. hxg4
b4 22. Bd2 bxc3 23. bxc3 Bg7 24. Ne4 1/2-1/2

[Event "NB II. Barcza csoport"]
[Site "Kazincbarcika"]
[Date "2024.03.03"]
[Round "5.4"]
[White "Ligart, Tamas"]
[Black "Pap, Janos"]
[Result "1-0"]
[WhiteElo "2125"]
[BlackElo "2015"]
[PlyCount "73"]
[EventDate "2023.10.08"]
[EventType "team-tourn"]
[EventRounds "9"]
[EventCountry "HUN"]
[Source "chess.hu"]
[WhiteTeam "Kazincbarcika VSC"]
[BlackTeam "Mezokovesd  Zsory SE"]
[WhiteTeamCountry "HUN"]
[BlackTeamCountry "HUN"]

1. e4 c5 2. b3 d6 3. Bb2 Nf6 4. Bb5+ Bd7 5. Bxd7+ Qxd7 6. Qe2 Nc6 7. h3 e6 8.
Nf3 Be7 9. O-O a6 10. c4 O-O 11. d4 cxd4 12. Nxd4 Nxd4 13. Bxd4 b5 14. Nd2 Qb7
15. Rae1 e5 16. Bb2 Rac8 17. f4 Rfe8 18. Kh1 Bd8 19. Bc3 Bb6 20. Qf3 Bd4 21.
Bxd4 exd4 22. Qd3 bxc4 23. bxc4 Qb6 24. e5 Nd7 25. Qf5 Nf8 26. Ne4 Rcd8 27.
Nxd6 Re7 28. Nc8 Rxc8 29. Qxc8 Rc7 30. Qd8 Qc5 31. Qd5 Qxc4 32. Qxc4 Rxc4 33.
Rc1 Ra4 34. Rf2 g6 35. g4 h5 36. gxh5 gxh5 37. Rc8 1-0

[Event "NB II. Barcza csoport"]
[Site "Kazincbarcika"]
[Date "2024.03.03"]
[Round "5.5"]
[White "Zelei, Zoltan"]
[Black "Csala, Jan"]
[Result "1/2-1/2"]
[WhiteElo "2068"]
[BlackElo "2096"]
[PlyCount "26"]
[EventDate "2023.10.08"]
[EventType "team-tourn"]
[EventRounds "9"]
[EventCountry "HUN"]
[Source "chess.hu"]
[WhiteTeam "Mezokovesd  Zsory SE"]
[BlackTeam "Kazincbarcika VSC"]
[WhiteTeamCountry "HUN"]
[BlackTeamCountry "HUN"]

1. e4 c6 2. d4 d5 3. exd5 cxd5 4. Bd3 Nf6 5. h3 g6 6. Bf4 Bg7 7. c3 O-O 8. Nf3
Bf5 9. Bxf5 gxf5 10. O-O Nbd7 11. Nbd2 Ne4 12. Qb3 Nxd2 13. Nxd2 Nb6 1/2-1/2

[Event "NB II. Barcza csoport"]
[Site "Kazincbarcika"]
[Date "2024.03.03"]
[Round "5.6"]
[White "Karolyfalvi, Zoltan"]
[Black "Hevesi, Zoltan"]
[Result "1/2-1/2"]
[WhiteElo "2075"]
[BlackElo "2006"]
[PlyCount "24"]
[EventDate "2023.10.08"]
[EventType "team-tourn"]
[EventRounds "9"]
[EventCountry "HUN"]
[Source "chess.hu"]
[WhiteTeam "Kazincbarcika VSC"]
[BlackTeam "Mezokovesd  Zsory SE"]
[WhiteTeamCountry "HUN"]
[BlackTeamCountry "HUN"]

1. d4 d5 2. Nf3 Nf6 3. c4 c6 4. Nc3 g6 5. Bg5 Bg7 6. e3 O-O 7. Bd3 dxc4 8. Bxc4
b5 9. Bd3 Nbd7 10. O-O Bb7 11. Rc1 a6 12. Ne2 Qb6 1/2-1/2

[Event "NB II. Barcza csoport"]
[Site "Kazincbarcika"]
[Date "2024.03.03"]
[Round "5.7"]
[White "Sallai, Janos"]
[Black "Balazs, Ladislav"]
[Result "0-1"]
[WhiteElo "1903"]
[BlackElo "2057"]
[PlyCount "96"]
[EventDate "2023.10.08"]
[EventType "team-tourn"]
[EventRounds "9"]
[EventCountry "HUN"]
[Source "chess.hu"]
[WhiteTeam "Mezokovesd  Zsory SE"]
[BlackTeam "Kazincbarcika VSC"]
[WhiteTeamCountry "HUN"]
[BlackTeamCountry "HUN"]

1. e4 c5 2. Nf3 Nc6 3. d4 cxd4 4. Nxd4 g6 5. Be3 Bg7 6. Nc3 Nf6 7. Bc4 d6 8. f3
Qb6 9. Bb5 Qc7 10. Qd2 Bd7 11. O-O O-O 12. Nxc6 Bxc6 13. Bxc6 Qxc6 14. Kh1 b5
15. a3 Rfc8 16. Rfc1 a5 17. Ne2 Nd7 18. Nd4 Qb7 19. Bh6 Ne5 20. Bxg7 Kxg7 21.
b3 Qb6 22. a4 b4 23. Rd1 h6 24. Rac1 Qc5 25. Nb5 Nd7 26. c3 bxc3 27. Rxc3 Qb4
28. Rdc1 Rc5 29. Qb2 Kh7 30. Rxc5 Nxc5 31. Nd4 Nd3 32. Nc6 Nxb2 33. Nxb4 axb4
34. Rc7 Kg7 35. Rxe7 Nd3 36. Rb7 Kf6 37. Kg1 Rc8 38. Kf1 Rc2 39. a5 Rf2+ 40.
Kg1 Ra2 41. g3 Rxa5 42. Rb6 Ke6 43. Kf1 Ra3 44. f4 f6 45. Ke2 Rxb3 46. f5+ gxf5
47. exf5+ Ke5 48. Rb5+ Nc5 0-1